000
00249nam a2200097Ia 4500
008
120527s9999 xx 000 0 und d
100
_a
SHIGLEY,J.E.et al.
245
_a
Mechanical engineering design.5th edition.
260
_b
Mcgraw-hill
942
_c
BK
999
_c
24101
_d
24101